Differential and riemannian geometry / (Record no. 1474)

MARC details
000 -LEADER
fixed length control field 00617nam a2200193 4500
001 - CONTROL NUMBER
control field 1914
005 - DATE AND TIME OF LATEST TRANSACTION
control field 20181127164222.0
008 - FIXED-LENGTH DATA ELEMENTS--GENERAL INFORMATION
fixed length control field 840628s1965 nyua 000 0 eng
010 ## - LIBRARY OF CONGRESS CONTROL NUMBER
LC control number 64021670
041 1# - LANGUAGE CODE
Language code of text/sound track or separate title engger
100 1# - MAIN ENTRY--PERSONAL NAME
Personal name Laugwitz, Detlef.
240 10 - UNIFORM TITLE
Uniform title Differentialgeometrie.
Language of a work English
245 10 - TITLE STATEMENT
Title Differential and riemannian geometry /
Statement of responsibility, etc. Detlef Laugwitz; translated by Fritz Steinhardt.
260 ## - PUBLICATION, DISTRIBUTION, ETC.
Place of publication, distribution, etc. New York :
Name of publisher, distributor, etc. Academic Press,
Date of publication, distribution, etc. 1965.
300 ## - PHYSICAL DESCRIPTION
Extent xii, 238 p. :
Other physical details ill. ;
Dimensions 24 cm.
500 ## - GENERAL NOTE
General note Translation of Differentialgeometrie.
650 #0 - SUBJECT ADDED ENTRY--TOPICAL TERM
Topical term or geographic name entry element Geometry, Differential.
Topical term or geographic name entry element Geometry, Riemannian.
Holdings
Withdrawn status Lost status Source of classification or shelving scheme Damaged status Not for loan Collection code Home library Current library Shelving location Serial Enumeration / chronology Inventory number Total Checkouts Full call number Barcode Date last seen Copy number Price effective from Koha item type
    Dewey Decimal Classification     Main TEST RTC Library RTC Library Main opac 1186   516.3 LAU 30003372 27/11/2018 1 27/11/2018 Main
Royal Thimphu College || All Right Reserved